| 000 | 00340nam a22001337a 4500 | ||
|---|---|---|---|
| 020 | _a9788183212533 | ||
| 082 |
_a665.776 _bKAL/BI |
||
| 100 |
_aKalbande, S R _aGangde, C N _9165 |
||
| 245 | _aBioenergy in 21st Century | ||
| 260 |
_aNew Delhi _bAgrotech Publishing Academy _c2012 |
||
| 300 | _a463 | ||
| 650 |
_aBioenergy _9166 |
||
| 942 | _cBK | ||
| 999 |
_c14139 _d14139 |
||